000 00835nam a2200241 i 4500
001 20760
003 ES-MaACL
005 20230906152346.0
007 t|
008 021118s1985 sp ||||1| spa d
020 _a84-205-1078-5
245 0 0 _aActividad humana y procesos cognitivos
_b: (homenaje a J.L. Pinillos) /
_cJuan Mayor (ed.).
250 _a[1ยช ed.].
260 _aMadrid :
_bAlhambra,
_c1985.
300 _a470 p. ;
_c24 cm.
490 1 _aUniversidad
500 _aTexto de las conferencias del Simposium sobre Actividad Humana y Procesos Cognitivos, celebrado en Madrid en 1984.
700 1 _aMayor, Juan.
_979406
711 2 _aSimposium sobre Actividad Humana y Procesos Cognitivos (
_d1984.
_cMadrid)
_91094
830 0 _aUniversidad
_9178301
852 _aES-MaACL
_jL-10015
_bR.111718
999 _c20760
_d20760